[Event "V. Dvorkovich Cup 2015 juniors"]
[Site "Moscow"]
[Date "2015.06.23"]
[Round "1.11"]
[White "Golubeva LAT, Marija"]
[Black "Parvanyan ARM, Ashot"]
[Result "0-1"]
[LiveChessVersion "1.4.4"]
[BlackElo "2168"]
[WhiteElo "1775"]

1. e4 {[%clk 1:30:58]} e6 {[%clk 1:30:36]} 2. d4 {[%clk 1:31:17]} d5
{[%clk 1:30:39]} 3. e5 {[%clk 1:31:34]} c5 {[%clk 1:30:35]} 4. c3
{[%clk 1:31:51]} Nc6 {[%clk 1:30:32]} 5. Nf3 {[%clk 1:31:59]} Nh6
{[%clk 1:30:26]} 6. Be3 {[%clk 1:31:31]} Nf5 {[%clk 1:28:26]} 7. Bd3
{[%clk 1:28:19]} cxd4 {[%clk 1:19:32]} 8. cxd4 {[%clk 1:27:56]} Be7
{[%clk 1:19:27]} 9. Bxf5 {[%clk 1:27:01]} exf5 {[%clk 1:19:45]} 10. Nc3
{[%clk 1:26:42]} g5 {[%clk 1:13:28]} 11. h3 {[%clk 1:14:16]} f4 {[%clk 1:05:44]}
12. Bd2 {[%clk 1:12:25]} Bf5 {[%clk 1:01:18]} 13. Qb3 {[%clk 1:09:03]} Nb4
{[%clk 0:58:49]} 14. Qa4+ {[%clk 1:04:50]} Kf8 {[%clk 0:57:06]} 15. O-O
{[%clk 1:00:33]} Bc2 {[%clk 0:50:28]} 16. b3 {[%clk 0:51:14]} a6 {[%clk 0:48:50]}
17. Ne2 {[%clk 0:43:11]} Nc6 {[%clk 0:46:04]} 18. Nc3 {[%clk 0:36:17]} Rb8
{[%clk 0:41:11]} 19. Ne1 {[%clk 0:27:33]} Bf5 {[%clk 0:35:38]} 20. b4
{[%clk 0:25:02]} Nxb4 {[%clk 0:34:48]} 21. Qd1 {[%clk 0:22:09]} Nc6
{[%clk 0:31:20]} 22. Nf3 {[%clk 0:18:36]} h5 {[%clk 0:27:47]} 23. Bc1
{[%clk 0:15:30]} g4 {[%clk 0:23:02]} 24. hxg4 {[%clk 0:15:27]} hxg4
{[%clk 0:23:20]} 25. Nh2 {[%clk 0:15:01]} Bb4 {[%clk 0:22:05]} 26. Ne2
{[%clk 0:13:18]} f3 {[%clk 0:21:07]} 27. gxf3 {[%clk 0:12:30]} Qh4
{[%clk 0:21:16]} 28. Bf4 {[%clk 0:12:18]} gxf3 {[%clk 0:21:32]} 29. Bg3
{[%clk 0:11:56]} fxe2 {[%clk 0:21:36]} 30. Qxe2 {[%clk 0:12:07]} Nxd4
{[%clk 0:18:44]} 31. Qd1 {[%clk 0:10:32]} Qe4 {[%clk 0:18:28]} 32. f3
{[%clk 0:10:23]} Qe3+ {[%clk 0:16:22]} 33. Rf2 {[%clk 0:06:09]} Rg8
{[%clk 0:15:09]} 34. Nf1 {[%clk 0:05:50]} Qd3 {[%clk 0:12:43]} 35. e6
{[%clk 0:05:11]} Qxd1 {[%clk 0:12:47]} 36. Rxd1 {[%clk 0:05:22]} Bc5
{[%clk 0:12:07]} 37. exf7 {[%clk 0:05:22]} Ne2+ {[%clk 0:10:49]} 38. Kg2
{[%clk 0:02:47]} Nf4+ {[%clk 0:11:03]} 39. Kh1 {[%clk 0:02:28]} Rxg3
{[%clk 0:10:15]} 40. Nxg3 {[%clk 0:32:08]} Bxf2 {[%clk 0:40:39]} 41. Nxf5
{[%clk 0:32:21]} Kxf7 {[%clk 0:40:54]} 42. Nh6+ {[%clk 0:32:03]} Kg6
{[%clk 0:41:17]} 43. Ng4 {[%clk 0:32:29]} Rh8+ {[%clk 0:41:41]} 0-1

[Event "V. Dvorkovich Cup 2015 juniors"]
[Site "Moscow"]
[Date "2015.06.23"]
[Round "1.12"]
[White "Ghukasyan ARM, Siranush"]
[Black "Limanovska LAT, Elizabete"]
[Result "1-0"]
[LiveChessVersion "1.4.4"]
[BlackElo "1978"]
[WhiteElo "2054"]

1. e4 {[%clk 1:30:59]} c5 {[%clk 1:30:54]} 2. Nf3 {[%clk 1:31:25]} d6
{[%clk 1:31:12]} 3. d4 {[%clk 1:31:44]} cxd4 {[%clk 1:31:34]} 4. Nxd4
{[%clk 1:32:09]} Nf6 {[%clk 1:32:00]} 5. Nc3 {[%clk 1:32:24]} a6 {[%clk 1:32:24]}
6. Be3 {[%clk 1:32:47]} e5 {[%clk 1:32:50]} 7. Nf3 {[%clk 1:33:12]} Be7
{[%clk 1:33:10]} 8. Bc4 {[%clk 1:33:36]} O-O {[%clk 1:33:21]} 9. O-O
{[%clk 1:34:01]} Qc7 {[%clk 1:30:05]} 10. Bb3 {[%clk 1:34:22]} Be6
{[%clk 1:27:04]} 11. Nh4 {[%clk 1:33:24]} Re8 {[%clk 1:20:05]} 12. Nf5
{[%clk 1:31:38]} Bf8 {[%clk 1:20:19]} 13. Qf3 {[%clk 1:29:08]} Nbd7
{[%clk 1:10:09]} 14. Bg5 {[%clk 1:26:21]} b5 {[%clk 0:58:41]} 15. a3
{[%clk 1:09:31]} Rac8 {[%clk 0:26:34]} 16. Rad1 {[%clk 1:03:10]} Qc6
{[%clk 0:20:12]} 17. Nd5 {[%clk 0:57:10]} Bxd5 {[%clk 0:18:49]} 18. Rxd5
{[%clk 0:56:58]} Nc5 {[%clk 0:12:00]} 19. Nh6+ {[%clk 0:56:38]} gxh6
{[%clk 0:12:13]} 20. Bxf6 {[%clk 0:57:03]} Ne6 {[%clk 0:09:48]} 21. Qg4+
{[%clk 0:56:41]} Ng7 {[%clk 0:09:28]} 22. Rd3 {[%clk 0:50:31]} h5
{[%clk 0:08:33]} 23. Qh4 {[%clk 0:49:18]} Re6 {[%clk 0:04:38]} 24. Bxe6
{[%clk 0:48:53]} fxe6 {[%clk 0:05:02]} 25. Rg3 {[%clk 0:48:09]} Qd7
{[%clk 0:04:39]} 26. c3 {[%clk 0:47:04]} Rc4 {[%clk 0:04:32]} 27. b3
{[%clk 0:47:17]} Rc8 {[%clk 0:04:14]} 28. Rd1 {[%clk 0:47:45]} Qc7
{[%clk 0:03:05]} 29. Qg5 {[%clk 0:47:54]} a5 {[%clk 0:01:40]} 30. Bxg7
{[%clk 0:47:47]} Bxg7 {[%clk 0:02:09]} 31. Rxd6 {[%clk 0:46:19]} b4
{[%clk 0:02:00]} 32. Rgd3 {[%clk 0:45:35]} h6 {[%clk 0:01:47]} 33. Qg6
{[%clk 0:43:52]} Qe7 {[%clk 0:00:55]} 34. Rd7 {[%clk 0:43:46]} Qf6
{[%clk 0:01:22]} 35. Rxg7+ {[%clk 0:43:42]} 1-0

[Event "V. Dvorkovich Cup 2015 juniors"]
[Site "Moscow"]
[Date "2015.06.23"]
[Round "1.13"]
[White "Li CHN, Di"]
[Black "Shahaliyev AZE, Ismayil"]
[Result "1/2-1/2"]
[LiveChessVersion "1.4.4"]
[BlackElo "2368"]
[WhiteElo "2281"]

1. d4 {[%clk 1:30:51]} e6 {[%clk 1:30:54]} 2. c4 {[%clk 1:30:33]} Nf6
{[%clk 1:31:17]} 3. g3 {[%clk 1:30:42]} c5 {[%clk 1:31:00]} 4. d5
{[%clk 1:30:58]} exd5 {[%clk 1:31:24]} 5. cxd5 {[%clk 1:31:25]} d6
{[%clk 1:31:48]} 6. Nc3 {[%clk 1:31:44]} g6 {[%clk 1:32:08]} 7. Bg2
{[%clk 1:32:07]} Bg7 {[%clk 1:32:33]} 8. Nf3 {[%clk 1:32:23]} O-O
{[%clk 1:32:56]} 9. O-O {[%clk 1:32:46]} Re8 {[%clk 1:33:23]} 10. Bf4
{[%clk 1:32:55]} Ne4 {[%clk 1:29:42]} 11. Nxe4 {[%clk 1:33:19]} Rxe4
{[%clk 1:30:08]} 12. Nd2 {[%clk 1:33:44]} Rb4 {[%clk 1:30:32]} 13. a3
{[%clk 1:33:58]} Rxf4 {[%clk 1:30:57]} 14. gxf4 {[%clk 1:34:25]} Bxb2
{[%clk 1:31:21]} 15. Ra2 {[%clk 1:30:40]} Bg7 {[%clk 1:31:40]} 16. e4
{[%clk 1:29:10]} Qh4 {[%clk 1:16:27]} 17. Qf3 {[%clk 1:24:21]} Bh6
{[%clk 1:09:52]} 18. Qg3 {[%clk 1:24:34]} Qxf4 {[%clk 1:07:33]} 19. Nc4
{[%clk 1:24:50]} Qxg3 {[%clk 0:48:40]} 20. hxg3 {[%clk 1:17:31]} Bf8
{[%clk 0:48:48]} 21. f4 {[%clk 1:10:47]} Bd7 {[%clk 0:40:20]} 22. Rb1
{[%clk 1:03:22]} b5 {[%clk 0:38:39]} 23. Nxd6 {[%clk 0:59:21]} Bxd6
{[%clk 0:38:49]} 24. e5 {[%clk 0:59:49]} Bf8 {[%clk 0:36:04]} 25. d6
{[%clk 1:00:11]} Bc6 {[%clk 0:30:04]} 26. Bxc6 {[%clk 0:59:48]} Nxc6
{[%clk 0:30:28]} 27. Rxb5 {[%clk 1:00:15]} Nd4 {[%clk 0:16:33]} 28. Rxc5
{[%clk 1:00:37]} Rd8 {[%clk 0:12:45]} 29. Kf2 {[%clk 0:57:24]} Nf5
{[%clk 0:11:25]} 30. Rac2 {[%clk 0:52:43]} Nxd6 {[%clk 0:06:31]} 31. exd6
{[%clk 0:53:07]} Rxd6 {[%clk 0:06:58]} 32. Ra5 {[%clk 0:50:07]} Rd3
{[%clk 0:07:11]} 33. a4 {[%clk 0:49:00]} Rd7 {[%clk 0:07:36]} 34. Rb5
{[%clk 0:47:10]} Kg7 {[%clk 0:06:41]} 35. Ke2 {[%clk 0:45:53]} Be7
{[%clk 0:05:27]} 36. Rc6 {[%clk 0:43:26]} Bf6 {[%clk 0:03:21]} 37. a5
{[%clk 0:41:38]} Re7+ {[%clk 0:03:26]} 38. Kd3 {[%clk 0:41:39]} Rd7+
{[%clk 0:03:25]} 39. Ke4 {[%clk 0:41:31]} Rd4+ {[%clk 0:01:05]} 40. Ke3
{[%clk 1:11:47]} Ra4 {[%clk 0:31:21]} 41. Rc7 {[%clk 1:11:17]} Ra3+
{[%clk 0:08:25]} 42. Ke2 {[%clk 1:11:17]} Bd4 {[%clk 0:07:57]} 43. Rbb7
{[%clk 1:10:03]} Kf6 {[%clk 0:07:12]} 44. Rxf7+ {[%clk 1:10:07]} Ke6
{[%clk 0:07:39]} 45. Rbe7+ {[%clk 1:09:25]} Kd5 {[%clk 0:08:03]} 46. g4
{[%clk 1:08:33]} Ra2+ {[%clk 0:07:21]} 47. Kf1 {[%clk 1:06:34]} Rxa5
{[%clk 0:07:16]} 48. Rxh7 {[%clk 1:03:40]} Ra1+ {[%clk 0:00:40]} 49. Re1
{[%clk 1:04:05]} Rxe1+ {[%clk 0:00:53]} 50. Kxe1 {[%clk 1:04:34]} Be3
{[%clk 0:00:51]} 51. Rf7 {[%clk 1:03:30]} Ke6 {[%clk 0:00:52]} 52. Rf8
{[%clk 0:59:17]} Ke7 {[%clk 0:01:09]} 53. Ra8 {[%clk 0:58:27]} Bxf4
{[%clk 0:01:34]} 54. Rxa7+ {[%clk 0:58:55]} Kf8 {[%clk 0:01:54]} 55. Ke2
{[%clk 0:59:21]} Be5 {[%clk 0:02:14]} 56. Kf3 {[%clk 0:59:47]} Kg8
{[%clk 0:02:39]} 57. Ke4 {[%clk 0:59:35]} Bf6 {[%clk 0:02:12]} 58. Kd5
{[%clk 0:59:40]} Bb2 {[%clk 0:01:28]} 59. Ke6 {[%clk 0:59:05]} Bc3
{[%clk 0:01:45]} 60. Kd5 {[%clk 0:57:49]} Bf6 {[%clk 0:02:05]} 61. Ke4
{[%clk 0:58:15]} Bb2 {[%clk 0:02:14]} 62. Rc7 {[%clk 0:58:41]} Bf6
{[%clk 0:02:20]} 63. Kf4 {[%clk 0:58:46]} Kf8 {[%clk 0:02:19]} 64. Rc6
{[%clk 0:58:10]} Kg7 {[%clk 0:02:43]} 65. Ra6 {[%clk 0:57:18]} Kf7
{[%clk 0:02:52]} 66. Ke4 {[%clk 0:56:13]} Kg7 {[%clk 0:03:00]} 67. Ra7+
{[%clk 0:55:52]} Kg8 {[%clk 0:03:24]} 68. Kd5 {[%clk 0:56:19]} Bb2
{[%clk 0:03:17]} 69. Ke6 {[%clk 0:56:46]} Bc3 {[%clk 0:03:34]} 70. Rf7
{[%clk 0:57:11]} Bd4 {[%clk 0:02:45]} 71. Rf4 {[%clk 0:57:35]} Bb2
{[%clk 0:02:30]} 72. Rf6 {[%clk 0:57:28]} Bxf6 {[%clk 0:02:34]} 73. Kxf6
{[%clk 0:57:56]} g5 {[%clk 0:02:56]} 74. Kxg5 {[%clk 0:58:24]} Kg7
{[%clk 0:03:22]} 75. Kf5 {[%clk 0:58:50]} Kf7 {[%clk 0:03:49]} 76. g5
{[%clk 0:59:17]} Kg7 {[%clk 0:04:16]} 77. g6 {[%clk 0:59:45]} Kg8
{[%clk 0:04:44]} 78. Kf6 {[%clk 1:00:12]} Kf8 {[%clk 0:05:11]} 79. g7+
{[%clk 1:00:39]} Kg8 {[%clk 0:05:37]} 80. Kg6 1/2-1/2

[Event "V. Dvorkovich Cup 2015 juniors"]
[Site "Moscow"]
[Date "2015.06.23"]
[Round "1.14"]
[White "Sadikhov AZE, Ulvi"]
[Black "Dai CHN, Changren"]
[Result "1-0"]
[LiveChessVersion "1.4.4"]
[BlackElo "2295"]
[WhiteElo "2379"]

1. e4 {[%clk 1:30:58]} c5 {[%clk 1:30:51]} 2. Nf3 {[%clk 1:31:20]} Nc6
{[%clk 1:31:13]} 3. d4 {[%clk 1:31:01]} cxd4 {[%clk 1:31:36]} 4. Nxd4
{[%clk 1:31:26]} Nf6 {[%clk 1:31:49]} 5. Nc3 {[%clk 1:31:40]} d6 {[%clk 1:32:12]}
6. Bc4 {[%clk 1:30:31]} e6 {[%clk 1:30:40]} 7. Be3 {[%clk 1:25:14]} Be7
{[%clk 1:30:58]} 8. f3 {[%clk 1:24:42]} a6 {[%clk 1:30:02]} 9. Qd2
{[%clk 1:23:56]} Qc7 {[%clk 1:29:14]} 10. Bb3 {[%clk 1:18:48]} Na5
{[%clk 1:25:27]} 11. O-O {[%clk 1:11:35]} O-O {[%clk 1:23:13]} 12. Qf2
{[%clk 1:03:46]} Nc4 {[%clk 1:20:01]} 13. Bxc4 {[%clk 0:55:41]} Qxc4
{[%clk 1:20:28]} 14. Qe2 {[%clk 0:51:16]} Qxe2 {[%clk 0:55:32]} 15. Ncxe2
{[%clk 0:48:29]} e5 {[%clk 0:55:41]} 16. Nf5 {[%clk 0:46:58]} Bxf5
{[%clk 0:55:09]} 17. exf5 {[%clk 0:47:23]} Nd5 {[%clk 0:53:32]} 18. Bd2
{[%clk 0:39:22]} Bd8 {[%clk 0:52:42]} 19. Rfd1 {[%clk 0:33:30]} Bb6+
{[%clk 0:52:36]} 20. Kf1 {[%clk 0:33:16]} Rac8 {[%clk 0:51:03]} 21. Bg5
{[%clk 0:31:58]} Ne3+ {[%clk 0:46:19]} 22. Bxe3 {[%clk 0:32:16]} Bxe3
{[%clk 0:46:44]} 23. c3 {[%clk 0:32:24]} Rfd8 {[%clk 0:42:35]} 24. Rd3
{[%clk 0:31:56]} Ba7 {[%clk 0:35:41]} 25. Rad1 {[%clk 0:31:36]} Rc6
{[%clk 0:35:18]} 26. Rd5 {[%clk 0:25:25]} f6 {[%clk 0:35:09]} 27. f4
{[%clk 0:24:27]} Bb6 {[%clk 0:22:40]} 28. fxe5 {[%clk 0:23:09]} fxe5
{[%clk 0:23:07]} 29. Ng3 {[%clk 0:23:26]} Kf7 {[%clk 0:21:48]} 30. Ne4
{[%clk 0:23:20]} Ke7 {[%clk 0:22:16]} 31. Ke2 {[%clk 0:22:05]} h5
{[%clk 0:18:53]} 32. R1d3 {[%clk 0:19:19]} Bc7 {[%clk 0:14:57]} 33. Rg3
{[%clk 0:18:45]} Rg8 {[%clk 0:12:53]} 34. Rg6 {[%clk 0:18:21]} Rc4
{[%clk 0:10:00]} 35. Kd3 {[%clk 0:18:03]} Ra4 {[%clk 0:09:35]} 36. a3
{[%clk 0:17:18]} Kd7 {[%clk 0:04:36]} 37. Nxd6 {[%clk 0:14:07]} 1-0

[Event "V. Dvorkovich Cup 2015 juniors"]
[Site "Moscow"]
[Date "2015.06.23"]
[Round "1.15"]
[White "Zhang CHN, Jiabao"]
[Black "Naghdiyev AZE, Niyazi"]
[Result "1/2-1/2"]
[LiveChessVersion "1.4.4"]
[BlackElo "2250"]
[WhiteElo "2143"]

1. e4 {[%clk 1:30:51]} c6 {[%clk 1:30:55]} 2. d4 {[%clk 1:30:41]} d5
{[%clk 1:31:21]} 3. Nc3 {[%clk 1:31:05]} dxe4 {[%clk 1:31:45]} 4. Nxe4
{[%clk 1:31:29]} Bf5 {[%clk 1:32:12]} 5. Ng3 {[%clk 1:31:51]} Bg6
{[%clk 1:32:37]} 6. Nh3 {[%clk 1:31:51]} Nd7 {[%clk 1:32:54]} 7. Nf4
{[%clk 1:30:05]} e5 {[%clk 1:33:09]} 8. Nxg6 {[%clk 1:29:54]} hxg6
{[%clk 1:33:29]} 9. dxe5 {[%clk 1:29:51]} Qa5+ {[%clk 1:33:27]} 10. Bd2
{[%clk 1:29:35]} Qxe5+ {[%clk 1:33:43]} 11. Qe2 {[%clk 1:29:54]} Ngf6
{[%clk 1:32:56]} 12. O-O-O {[%clk 1:29:27]} Qxe2 {[%clk 1:32:10]} 13. Bxe2
{[%clk 1:29:48]} Bc5 {[%clk 1:30:09]} 14. f3 {[%clk 1:29:36]} O-O
{[%clk 1:21:38]} 15. Bc4 {[%clk 1:28:46]} Rfe8 {[%clk 1:20:27]} 16. Bc3
{[%clk 1:00:22]} Nb6 {[%clk 1:16:25]} 17. Bb3 {[%clk 1:00:41]} Nbd5
{[%clk 1:13:00]} 18. Bxf6 {[%clk 0:43:24]} Nxf6 {[%clk 1:12:42]} 19. Rhe1
{[%clk 0:42:13]} Be3+ {[%clk 1:09:41]} 20. Kb1 {[%clk 0:42:32]} Bf2
{[%clk 1:07:53]} 21. Rf1 {[%clk 0:37:16]} Bxg3 {[%clk 1:00:41]} 22. hxg3
{[%clk 0:37:43]} Re2 {[%clk 1:00:41]} 23. Rg1 {[%clk 0:37:51]} Rae8
{[%clk 0:59:21]} 24. Bc4 {[%clk 0:36:43]} Rf2 {[%clk 0:56:22]} 25. Rdf1
{[%clk 0:36:37]} Rxf1+ {[%clk 0:54:38]} 26. Rxf1 {[%clk 0:37:05]} Nh5
{[%clk 0:51:08]} 27. g4 {[%clk 0:36:41]} Nf4 {[%clk 0:50:38]} 28. g3
{[%clk 0:31:30]} Ne6 {[%clk 0:45:22]} 29. Re1 {[%clk 0:29:39]} Nc7
{[%clk 0:45:32]} 30. Rxe8+ {[%clk 0:29:37]} Nxe8 {[%clk 0:45:58]} 31. Kc1
{[%clk 0:29:49]} Nd6 {[%clk 0:44:48]} 32. Bd3 {[%clk 0:30:07]} g5
{[%clk 0:43:20]} 33. Kd2 {[%clk 0:30:26]} Kf8 {[%clk 0:43:17]} 34. Ke3
{[%clk 0:30:29]} c5 {[%clk 0:40:28]} 35. a3 {[%clk 0:27:00]} Ke7 {[%clk 0:39:40]}
36. f4 {[%clk 0:25:15]} f6 {[%clk 0:38:09]} 37. Be2 {[%clk 0:25:15]} b6
{[%clk 0:34:00]} 38. b3 {[%clk 0:25:10]} Kd7 {[%clk 0:31:00]} 39. Bd3
{[%clk 0:21:59]} gxf4+ {[%clk 0:28:34]} 40. gxf4 {[%clk 0:52:09]} g5
{[%clk 0:58:49]} 1/2-1/2

[Event "V. Dvorkovich Cup 2015 juniors"]
[Site "Moscow"]
[Date "2015.06.23"]
[Round "1.16"]
[White "Hojjatova AZE, Aydan"]
[Black "Hu CHN, Yu A."]
[Result "1-0"]
[LiveChessVersion "1.4.4"]
[BlackElo "1950"]
[WhiteElo "2202"]

1. e4 {[%clk 1:30:58]} c5 {[%clk 1:30:46]} 2. Nc3 {[%clk 1:31:22]} Nc6
{[%clk 1:30:48]} 3. g3 {[%clk 1:31:36]} g6 {[%clk 1:30:58]} 4. Bg2
{[%clk 1:31:57]} Bg7 {[%clk 1:31:06]} 5. d3 {[%clk 1:32:16]} d6 {[%clk 1:30:44]}
6. f4 {[%clk 1:32:27]} e6 {[%clk 1:30:44]} 7. Nf3 {[%clk 1:32:45]} Nge7
{[%clk 1:30:26]} 8. O-O {[%clk 1:33:02]} O-O {[%clk 1:29:02]} 9. Be3
{[%clk 1:33:06]} Nd4 {[%clk 1:28:17]} 10. e5 {[%clk 1:32:56]} Nef5
{[%clk 1:26:26]} 11. Bf2 {[%clk 1:33:11]} Nxf3+ {[%clk 1:26:26]} 12. Qxf3
{[%clk 1:33:21]} Nd4 {[%clk 1:26:38]} 13. Qd1 {[%clk 1:33:45]} dxe5
{[%clk 1:26:30]} 14. fxe5 {[%clk 1:34:12]} Bxe5 {[%clk 1:23:37]} 15. Ne4
{[%clk 1:34:33]} f5 {[%clk 1:23:34]} 16. Nxc5 {[%clk 1:34:52]} Qd6
{[%clk 1:21:34]} 17. Na4 {[%clk 1:15:41]} Bd7 {[%clk 1:10:30]} 18. c3
{[%clk 1:08:22]} Bxa4 {[%clk 1:09:56]} 19. Qxa4 {[%clk 1:08:14]} Ne2+
{[%clk 1:09:53]} 20. Kh1 {[%clk 1:08:43]} f4 {[%clk 1:08:37]} 21. d4
{[%clk 1:05:51]} Bg7 {[%clk 1:07:34]} 22. gxf4 {[%clk 0:54:33]} Nxf4
{[%clk 1:00:00]} 23. Bg3 {[%clk 0:53:19]} Bh6 {[%clk 0:56:34]} 24. Qc2
{[%clk 0:43:51]} Qd7 {[%clk 0:39:53]} 25. Bf3 {[%clk 0:32:06]} Nd5
{[%clk 0:31:36]} 26. Qe4 {[%clk 0:30:27]} Ne3 {[%clk 0:20:04]} 27. Rfe1
{[%clk 0:23:52]} Qf7 {[%clk 0:19:20]} 28. Rxe3 {[%clk 0:23:50]} Bxe3 29. Bg4 e5
{[%clk 0:17:28]} 30. Qxe3 {[%clk 0:23:12]} exd4 {[%clk 0:17:51]} 31. cxd4
{[%clk 0:22:55]} 1-0

[Event "V. Dvorkovich Cup 2015 juniors"]
[Site "Moscow"]
[Date "2015.06.24"]
[Round "2.1"]
[White "Sibashvili GEO, Giorgi"]
[Black "Shahaliyev AZE, Ismayil"]
[Result "1-0"]
[LiveChessVersion "1.4.4"]
[BlackElo "2368"]
[WhiteElo "2388"]

1. d4 {[%clk 1:30:57]} e6 {[%clk 1:30:56]} 2. c4 {[%clk 1:31:04]} Nf6
{[%clk 1:31:20]} 3. Nf3 {[%clk 1:30:54]} d5 {[%clk 1:31:44]} 4. Nc3
{[%clk 1:30:54]} Bb4 {[%clk 1:32:07]} 5. cxd5 {[%clk 1:30:21]} exd5
{[%clk 1:32:31]} 6. Bg5 {[%clk 1:30:16]} Nbd7 {[%clk 1:32:54]} 7. e3
{[%clk 1:29:27]} c5 {[%clk 1:33:15]} 8. Be2 {[%clk 1:29:29]} h6 {[%clk 1:30:00]}
9. Bh4 {[%clk 1:19:05]} Qa5 {[%clk 1:30:21]} 10. O-O {[%clk 1:13:02]} Bxc3
{[%clk 1:30:43]} 11. bxc3 {[%clk 1:13:27]} c4 {[%clk 1:31:09]} 12. Qc2
{[%clk 1:07:39]} Ne4 {[%clk 1:25:47]} 13. Rfc1 {[%clk 1:00:24]} g5
{[%clk 1:23:01]} 14. Bg3 {[%clk 1:00:42]} O-O {[%clk 1:23:19]} 15. Nd2
{[%clk 0:57:10]} Ndf6 {[%clk 1:19:17]} 16. f3 {[%clk 0:40:29]} Nxg3
{[%clk 1:18:57]} 17. hxg3 {[%clk 0:40:21]} Qc7 {[%clk 1:03:40]} 18. Kf2
{[%clk 0:35:22]} Nh5 {[%clk 0:58:04]} 19. f4 {[%clk 0:28:43]} Nf6
{[%clk 0:41:45]} 20. fxg5 {[%clk 0:24:46]} hxg5 {[%clk 0:42:00]} 21. e4
{[%clk 0:24:26]} dxe4 {[%clk 0:13:18]} 22. Nxe4 {[%clk 0:24:43]} Qe7
{[%clk 0:13:29]} 23. Nxg5 {[%clk 0:18:17]} Re8 {[%clk 0:13:20]} 24. Qd2
{[%clk 0:18:38]} Ng4+ {[%clk 0:13:15]} 25. Bxg4 {[%clk 0:18:14]} Bxg4
{[%clk 0:13:41]} 26. Re1 {[%clk 0:17:12]} Qd6 {[%clk 0:10:55]} 27. Qf4
{[%clk 0:16:16]} Qxf4+ {[%clk 0:11:17]} 28. gxf4 {[%clk 0:16:42]} b5
{[%clk 0:06:35]} 29. Rxe8+ {[%clk 0:15:59]} Rxe8 {[%clk 0:07:00]} 30. Re1
{[%clk 0:16:24]} Rb8 {[%clk 0:06:13]} 31. Re7 {[%clk 0:07:50]} a5
{[%clk 0:02:10]} 32. a3 {[%clk 0:04:25]} b4 {[%clk 0:02:35]} 33. axb4
{[%clk 0:04:47]} axb4 {[%clk 0:03:02]} 34. cxb4 {[%clk 0:05:10]} c3
{[%clk 0:01:48]} 35. Rc7 {[%clk 0:04:25]} Rxb4 {[%clk 0:01:06]} 36. Nxf7
{[%clk 0:04:32]} Be6 {[%clk 0:00:38]} 37. Ne5 {[%clk 0:02:08]} Rb2+
{[%clk 0:00:33]} 38. Ke3 {[%clk 0:00:37]} Rxg2 {[%clk 0:00:45]} 39. Rxc3
{[%clk 0:00:53]} Rg3+ {[%clk 0:01:02]} 40. Kd2 {[%clk 0:30:39]} Rg2+
{[%clk 0:31:26]} 41. Ke3 {[%clk 0:24:10]} Rg3+ {[%clk 0:20:52]} 42. Nf3
{[%clk 0:23:52]} Bd5 {[%clk 0:21:13]} 43. Kf2 {[%clk 0:23:48]} Rh3
{[%clk 0:21:35]} 44. Rc8+ {[%clk 0:20:48]} Kg7 {[%clk 0:21:52]} 45. Ng5
{[%clk 0:20:46]} Rd3 {[%clk 0:15:02]} 46. Rd8 {[%clk 0:20:53]} Ba2
{[%clk 0:15:15]} 47. Rd6 {[%clk 0:19:51]} Kf8 {[%clk 0:15:07]} 48. f5
{[%clk 0:13:51]} Ke7 {[%clk 0:10:48]} 49. Ne4 {[%clk 0:13:33]} Kf7
{[%clk 0:08:33]} 50. Rd7+ {[%clk 0:10:32]} Ke8 {[%clk 0:08:55]} 51. Nf6+
{[%clk 0:10:24]} Kf8 {[%clk 0:09:20]} 52. Ng4 {[%clk 0:09:56]} Rh3
{[%clk 0:07:56]} 53. Ra7 {[%clk 0:03:54]} Bd5 {[%clk 0:05:51]} 54. Ne5
{[%clk 0:04:01]} Rh2+ {[%clk 0:03:46]} 55. Kg3 {[%clk 0:02:43]} Rd2
{[%clk 0:01:00]} 56. f6 {[%clk 0:02:08]} Rxd4 {[%clk 0:00:35]} 57. Rd7
{[%clk 0:02:28]} Kg8 {[%clk 0:00:37]} 58. Rd8+ {[%clk 0:02:40]} Kh7
{[%clk 0:01:02]} 59. f7 {[%clk 0:03:07]} 1-0

[Event "V. Dvorkovich Cup 2015 juniors"]
[Site "Moscow"]
[Date "2015.06.24"]
[Round "2.2"]
[White "Sadikhov AZE, Ulvi"]
[Black "Tutisani GEO, Noe"]
[Result "1/2-1/2"]
[LiveChessVersion "1.4.4"]
[BlackElo "2300"]
[WhiteElo "2379"]

1. e4 {[%clk 1:30:57]} c5 {[%clk 1:30:53]} 2. Nf3 {[%clk 1:31:23]} d6
{[%clk 1:31:17]} 3. d4 {[%clk 1:30:53]} cxd4 {[%clk 1:31:40]} 4. Nxd4
{[%clk 1:31:20]} Nf6 {[%clk 1:32:03]} 5. f3 {[%clk 1:31:37]} e5 {[%clk 1:29:23]}
6. Nb3 {[%clk 1:31:49]} Be7 {[%clk 1:29:33]} 7. c4 {[%clk 1:32:02]} a5
{[%clk 1:29:52]} 8. Be3 {[%clk 1:31:51]} a4 {[%clk 1:29:36]} 9. N3d2
{[%clk 1:32:16]} O-O {[%clk 1:29:50]} 10. Nc3 {[%clk 1:29:05]} Qa5
{[%clk 1:30:14]} 11. Be2 {[%clk 1:25:53]} Be6 {[%clk 1:30:00]} 12. O-O
{[%clk 1:24:57]} Nc6 {[%clk 1:21:26]} 13. Nb5 {[%clk 1:20:35]} Rfc8
{[%clk 1:13:13]} 14. Kh1 {[%clk 1:16:55]} Qd8 {[%clk 1:08:15]} 15. b3
{[%clk 1:10:37]} Nd7 {[%clk 1:06:29]} 16. Qc1 {[%clk 1:05:26]} Nc5
{[%clk 1:03:45]} 17. Qb2 {[%clk 0:49:18]} axb3 {[%clk 1:00:53]} 18. axb3
{[%clk 0:48:39]} Rxa1 {[%clk 1:00:48]} 19. Rxa1 {[%clk 0:44:53]} Ra8
{[%clk 0:59:33]} 20. Qc3 {[%clk 0:32:29]} Rxa1+ {[%clk 0:56:43]} 21. Qxa1
{[%clk 0:32:57]} h6 {[%clk 0:56:16]} 22. Qc3 {[%clk 0:27:17]} Qa8
{[%clk 0:50:01]} 23. Bf1 {[%clk 0:20:37]} Qa2 {[%clk 0:46:14]} 24. g3
{[%clk 0:16:17]} Na6 {[%clk 0:31:06]} 25. Qc1 {[%clk 0:15:09]} Nab4
{[%clk 0:28:27]} 26. Qb1 {[%clk 0:14:06]} Qxb1 {[%clk 0:26:59]} 27. Nxb1
{[%clk 0:14:34]} Nc2 {[%clk 0:26:19]} 28. Bb6 {[%clk 0:14:12]} Na1
{[%clk 0:26:40]} 29. Nd2 {[%clk 0:13:58]} Bg5 {[%clk 0:26:45]} 30. Nb1
{[%clk 0:14:01]} Be7 {[%clk 0:27:05]} 31. Nd2 {[%clk 0:13:46]} Bg5
{[%clk 0:27:13]} 32. Nb1 {[%clk 0:14:11]} Be7 {[%clk 0:27:38]} 33. Nd2
{[%clk 0:14:38]} Bg5 {[%clk 0:28:01]} 34. Nb1 {[%clk 0:15:06]} Be7
{[%clk 0:28:21]} 35. Nd2 {[%clk 0:15:33]} 1/2-1/2